01012cam a2200325 i 4500001000700000003000900007005001700016007000700033008004800040015000600088017000900094020001500103035000600118040002500124080000600149100002000155240002900175245011200204250001500316260003200331300003100363490002400394500004800418500003800466500006400504521003100568700003500599700002800634830002400662000660DO-SdBNP20180208131504.0000660161108b 1996 sp a ||||| |||| 00| 0 spa d a  a b  a8420447579 a  aBPMSUbspacBPMSUe  a 1 aDorris, Michael1 aMorning girl.lEspañol10aTaínos /cMichael Dorris ; traducción de Miguel Martínez-Lage ; ilustraciones de Viví Escrivá.h  a1ª reimp. aMadrid :bAlfaguara,c1996. a110 p. : bil. ; c20 cm. 1 aAlfaguara infantil  aPara niños a partir de los 10 años.  aPrimera reimpresión: julio 1996 aIncluye datos del autor en la solapa de la contracubierta. aA partir de los 10 años.12aMartínez-Lage, Miguel,etr. 12aEscrivá, Viví,eil. 0aAlfaguara infantil